[Event "Rated Blitz game"]
[Site "?"]
[Date "2021.01.02"]
[Round "?"]
[White "H-HH"]
[Black "pmlmail"]
[Result "0-1"]
[WhiteElo "2403"]
[BlackElo "2532"]
[PlyCount "104"]
[EventDate "2021.??.??"]
[EventType "blitz"]
[TimeControl "180"]

1. e4 e5 2. Nf3 Nf6 3. Nxe5 d6 4. Nxf7 Kxf7 5. d4 g6 6. Nc3 Be7 7. Bc4+ Kg7 8.
O-O Nxe4 9. Nxe4 d5 10. Bd3 dxe4 11. Bxe4 Nc6 12. c3 Re8 13. Qd2 Bf6 14. Qh6+
Kg8 15. Re1 Bg7 16. Qf4 Bf5 17. Bd2 Bxe4 18. Rxe4 Rxe4 19. Qxe4 Qe7 20. Re1 Re8
21. f3 Qxe4 22. fxe4 Nxd4 23. cxd4 Bxd4+ 24. Kf1 Rf8+ 25. Ke2 Rf2+ 26. Kd3 Rxg2
27. b3 c5 28. Bf4 Rxa2 29. e5 Kf7 30. e6+ Ke8 31. Kc4 Rf2 32. Bg3 Rf5 33. b4 b6
34. Re2 Ke7 35. Bb8 a6 36. b5 axb5+ 37. Kxb5 Rf6 38. Bc7 Rxe6 39. Ra2 Kf6 40.
Bxb6 Re5 41. Kc4 Kg5 42. Bd8+ Kh5 43. Ra7 h6 44. Bf6 Rf5 45. Bxd4 cxd4 46. Kxd4
Rf2 47. h3 Rf3 48. Ke4 Rxh3 49. Kf4 g5+ 50. Ke4 Kg4 51. Ra4 Rf3 52. Ke5+ Rf4 {
Normal} 0-1

[Event "Rated Blitz game"]
[Site "?"]
[Date "2021.01.02"]
[Round "?"]
[White "UnCroissant"]
[Black "Jakob19"]
[Result "0-1"]
[WhiteElo "2471"]
[BlackElo "2427"]
[PlyCount "26"]
[EventDate "2021.??.??"]
[EventType "blitz"]
[TimeControl "180"]

1. e4 e5 2. Nf3 Nf6 3. Nxe5 d6 4. Nxf7 Kxf7 5. Bc4+ d5 6. exd5 Bd6 7. O-O Rf8
8. h3 Kg8 9. Bb3 Bf5 10. c4 Bd3 11. Re1 Ne4 12. f3 Bc5+ 13. Kh1 Nf2+ {Normal}
0-1

[Event "Rated Blitz game"]
[Site "?"]
[Date "2021.01.01"]
[Round "?"]
[White "josefghng"]
[Black "pop-up"]
[Result "1-0"]
[WhiteElo "2446"]
[BlackElo "2427"]
[PlyCount "109"]
[EventDate "2021.??.??"]
[EventType "blitz"]
[TimeControl "180+2"]

1. e4 e5 2. Nf3 Nf6 3. Nxe5 d6 4. Nxf7 Kxf7 5. Bc4+ d5 6. Bb3 Nc6 7. d4 Bd6 8.
O-O Re8 9. e5 Nxe5 10. dxe5 Bxe5 11. Nd2 c6 12. c3 Bg4 13. Nf3 Kg8 14. h3 Bh5
15. Be3 Bc7 16. Re1 Qd6 17. c4 Bxf3 18. Qxf3 Qh2+ 19. Kf1 Ba5 20. cxd5 cxd5 21.
Bxd5+ Kh8 22. Bxb7 Rad8 23. Red1 Nd7 24. Qf4 Qxf4 25. Bxf4 Nc5 26. Bc6 Rf8 27.
Be3 Nd3 28. Rab1 Bb6 29. Bxb6 axb6 30. Bf3 Ne5 31. Be2 g5 32. Rxd8 Rxd8 33. Rd1
Rb8 34. Rd5 Nf7 35. Bh5 Nd8 36. Rxg5 Ne6 37. Re5 Nf4 38. Bf3 b5 39. h4 Nd3 40.
Re2 Nc1 41. Rc2 Nxa2 42. Rc7 Nb4 43. Be4 h6 44. Rh7+ Kg8 45. Rxh6 Rd8 46. Rb6
Rd2 47. Rxb5 Rxb2 48. g4 Kg7 49. Kg2 Nd3 50. Rxb2 Nxb2 51. f4 Nc4 52. Kg3 Nd2
53. Bd5 Nb1 54. g5 Nc3 55. Bc6 {Normal} 1-0

[Event "Rated Blitz game"]
[Site "?"]
[Date "2021.01.01"]
[Round "?"]
[White "LudovicM59"]
[Black "Shaginyan_A"]
[Result "1-0"]
[WhiteElo "2400"]
[BlackElo "2435"]
[PlyCount "77"]
[EventDate "2021.??.??"]
[EventType "blitz"]
[TimeControl "180"]

1. e4 e5 2. Nf3 Nf6 3. Nxe5 d6 4. Nxf7 Kxf7 5. Nc3 g6 6. d4 Bg7 7. Bc4+ Be6 8.
d5 Bd7 9. f4 Re8 10. Qf3 Kg8 11. O-O Na6 12. Be3 Bg4 13. Qg3 Nxe4 14. Qxg4 Nxc3
15. bxc3 Rxe3 16. f5 Nc5 17. fxg6 Re4 18. Rf4 Rxf4 19. gxh7+ Kh8 20. Qxf4 Qf6
21. Qxf6 Bxf6 22. Rf1 Rf8 23. g4 Kxh7 24. g5 Bg7 25. Rxf8 Bxf8 26. h4 Kg6 27.
Kg2 Kh5 28. Kh3 Ne4 29. Be2+ Kg6 30. Bd3 Kf5 31. Bxe4+ Kxe4 32. Kg4 Bg7 33. c4
b5 34. cxb5 Kxd5 35. Kf5 Kc5 36. h5 Kxb5 37. h6 Bd4 38. g6 Be3 39. g7 {Normal}
1-0

[Event "Rated Blitz game"]
[Site "?"]
[Date "2021.01.01"]
[Round "?"]
[White "chickens0003"]
[Black "Nebonik"]
[Result "0-1"]
[WhiteElo "2379"]
[BlackElo "2519"]
[PlyCount "76"]
[EventDate "2021.??.??"]
[EventType "blitz"]
[TimeControl "180+2"]

1. e4 e5 2. Nf3 Nf6 3. Nxe5 d6 4. Nxf7 Kxf7 5. d4 Qe8 6. Nc3 d5 7. e5 Bb4 8.
Bd3 Ne4 9. Qf3+ Kg8 10. O-O Bxc3 11. Bxe4 dxe4 12. Qxc3 Nc6 13. Bf4 Be6 14.
Rad1 Rd8 15. b3 h6 16. Qe3 b5 17. Rfe1 Bd5 18. a4 b4 19. c4 bxc3 20. Qxc3 Rd7
21. b4 Ne7 22. b5 Kh7 23. Rc1 Qf7 24. Bg3 Nf5 25. Qc5 Ra8 26. Re2 a6 27. Bf4
axb5 28. axb5 Qg6 29. Be3 Nh4 30. g3 Nf3+ 31. Kg2 Qg4 32. h3 Nh4+ 33. Kh2 Qxe2
34. gxh4 Ra3 35. Qxa3 Rf7 36. Kg1 Be6 37. Qc3 Bxh3 38. Qd2 Qf3 {Time forfeit}
0-1

[Event "T127-C42"]
[Site "LSS"]
[Date "2020.12.31"]
[Round "?"]
[White "Obukhov, Gennady"]
[Black "Sundqvist, Christer"]
[Result "0-1"]
[WhiteElo "1964"]
[BlackElo "2159"]
[PlyCount "60"]
[EventDate "2020.12.14"]

1. e4 e5 2. Nf3 Nf6 3. Nxe5 d6 4. Nxf7 Kxf7 5. d4 c5 6. dxc5 d5 7. e5 Ne4 8.
Nc3 Nxc3 9. Qf3+ Ke8 10. Qxc3 Nc6 11. Bb5 a6 12. Bxc6+ bxc6 13. O-O d4 14. Qg3
Qd5 15. e6 Bxe6 16. Re1 Kf7 17. Re5 Qd7 18. Bd2 Bd5 19. Qf4+ Kg8 20. Qxd4 Rd8
21. Bg5 Re8 22. Rxe8 Qxe8 23. c4 Bxg2 24. Qg4 Be4 25. Re1 Bf5 26. Rxe8 Bxg4 27.
Kg2 h6 28. Be3 Kh7 29. Bd4 Bf5 30. f3 Bd3 0-1

[Event "T127-C42"]
[Site "LSS"]
[Date "2020.12.31"]
[Round "?"]
[White "Sundqvist, Christer"]
[Black "Obrien, Glenn"]
[Result "1-0"]
[WhiteElo "2159"]
[BlackElo "1382"]
[PlyCount "35"]
[EventDate "2020.12.14"]

1. e4 e5 2. Nf3 Nf6 3. Nxe5 d6 4. Nxf7 Kxf7 5. Nc3 Be6 6. d4 Be7 7. f4 Rf8 8.
f5 Bc8 9. Bc4+ Ke8 10. O-O Nc6 11. Bg5 Nb4 12. a3 Nc6 13. Bxf6 Bxf6 14. Qh5+ g6
15. fxg6 hxg6 16. Qxg6+ Kd7 17. e5 Nxe5 18. Qf5+ 1-0

[Event "T127-C42"]
[Site "LSS"]
[Date "2020.12.31"]
[Round "?"]
[White "Obrien, Glenn"]
[Black "Sundqvist, Christer"]
[Result "0-1"]
[WhiteElo "1382"]
[BlackElo "2159"]
[PlyCount "56"]
[EventDate "2020.12.14"]

1. e4 e5 2. Nf3 Nf6 3. Nxe5 d6 4. Nxf7 Kxf7 5. d4 c5 6. dxc5 d5 7. e5 Ne4 8.
Nc3 Nxc3 9. Qf3+ Ke8 10. Qxc3 Nc6 11. Bb5 a6 12. Bxc6+ bxc6 13. Be3 Bf5 14. O-O
Qd7 15. Rad1 Qe6 16. f4 Be7 17. Rf2 h5 18. Qb3 h4 19. Qb6 Kf7 20. Bd4 a5 21.
Qc7 Rhc8 22. Qb7 h3 23. gxh3 Rh8 24. Rg2 Raf8 25. Qc7 Rh4 26. Rf1 Kg8 27. Rd2
Bxh3 28. Rf3 Rhxf4 0-1

[Event "T127-C42"]
[Site "LSS"]
[Date "2020.12.31"]
[Round "?"]
[White "Sundqvist, Christer"]
[Black "Obukhov, Gennady"]
[Result "1/2-1/2"]
[WhiteElo "2159"]
[BlackElo "1964"]
[PlyCount "52"]
[EventDate "2020.12.14"]

{[%evp 0,52,15,17,23,18,22,10,29,-98,-106,-92,-42,-34,-48,-49,-54,-39,-41,-51,
-49,-40,-57,-64,-53,-79,-84,-32,-32,-40,26,27,50,39,39,46,44,55,108,65,86,86,
86,39,71,57,57,73,73,58,49,49,49,52,113]} 1. e4 e5 2. Nf3 Nf6 3. Nxe5 d6 4.
Nxf7 Kxf7 5. Nc3 c5 6. Bc4+ Be6 7. Bxe6+ Kxe6 8. d4 Kf7 9. dxc5 Na6 10. Be3
Nxc5 11. Bxc5 dxc5 12. Qe2 Bd6 13. Qc4+ Kf8 14. O-O-O Qb6 15. g3 Be5 16. Na4
Qc6 17. Qxc5+ Qxc5 18. Nxc5 Rc8 19. Nd7+ Nxd7 20. Rxd7 h5 21. Rhd1 h4 22. f4
hxg3 23. hxg3 Rh2 24. c3 Bc7 25. R1d5 Bb6 26. Rf5+ Kg8 1/2-1/2

[Event "T127-C42"]
[Site "LSS"]
[Date "2020.12.31"]
[Round "?"]
[White "Sundqvist, Christer"]
[Black "Plutarco, Fosca"]
[Result "1/2-1/2"]
[WhiteElo "2159"]
[BlackElo "1978"]
[PlyCount "92"]
[EventDate "2020.12.14"]

1. e4 e5 2. Nf3 Nf6 3. Nxe5 d6 4. Nxf7 Kxf7 5. Nc3 g6 6. d4 c6 7. Bc4+ Kg7 8.
Bb3 d5 9. e5 Ne8 10. Be3 a5 11. a4 Bb4 12. O-O Rf8 13. Ne2 Kh8 14. c3 Be7 15.
h3 Ng7 16. Kh2 Nf5 17. Bd2 b6 18. g4 Nh4 19. f4 c5 20. Be1 Ra7 21. Bg3 Nc6 22.
Qd2 cxd4 23. cxd4 Ba6 24. Bd1 Nb4 25. Ra3 h5 26. Rc3 hxg4 27. hxg4 Na2 28. Rc2
Kg8 29. Kg1 Rf7 30. Rf2 Rh7 31. Nc1 Nb4 32. Rc3 Rc7 33. Rh2 Rc4 34. Bf2 Qc8 35.
Bg3 Qd8 36. Bf2 Qc8 37. Bg3 Rc6 38. Qe3 Kg7 39. Qd2 Qh8 40. Na2 Bb7 41. Nxb4
Bxb4 42. f5 Bxc3 43. f6+ Kf7 44. bxc3 Bc8 45. Be2 Be6 46. Kf2 g5 1/2-1/2

[Event "T127-C42"]
[Site "LSS"]
[Date "2020.12.31"]
[Round "?"]
[White "Plutarco, Fosca"]
[Black "Sundqvist, Christer"]
[Result "1/2-1/2"]
[WhiteElo "1978"]
[BlackElo "2159"]
[PlyCount "92"]
[EventDate "2020.12.14"]

1. e4 e5 2. Nf3 Nf6 3. Nxe5 d6 4. Nxf7 Kxf7 5. d4 c5 6. Nc3 Bg4 7. f3 cxd4 8.
fxg4 dxc3 9. bxc3 h6 10. Bc4+ Ke8 11. O-O Be7 12. Rb1 Qc8 13. Bb3 Nbd7 14. Bf4
Qc6 15. Re1 Ne5 16. Qd4 Qc7 17. h3 b6 18. Kh1 Rc8 19. Rbd1 Rf8 20. Bh2 Qc5 21.
Qa4+ Nfd7 22. Qxa7 Qa5 23. Qxa5 bxa5 24. Ba4 Rc4 25. Bxe5 Rxa4 26. Bxg7 Bh4 27.
Bxf8 Bxe1 28. Bxd6 Bxc3 29. Rd3 Bb2 30. a3 Rxe4 31. Rb3 Bg7 32. g3 Re6 33. Bf4
Re1+ 34. Kg2 Re2+ 35. Kf1 Rxc2 36. h4 Ra2 37. g5 hxg5 38. Bxg5 Bf8 39. h5 Rxa3
40. Rxa3 Bxa3 41. Ke2 a4 42. Kd3 Nc5+ 43. Kc2 Ne4 44. Bh4 Nf2 45. Bf6 Bf8 46.
Bb2 Kf7 1/2-1/2

[Event "T127-C42"]
[Site "LSS"]
[Date "2020.12.31"]
[Round "?"]
[White "Verich, Oleg"]
[Black "Sundqvist, Christer"]
[Result "0-1"]
[WhiteElo "1124"]
[BlackElo "2159"]
[PlyCount "26"]
[EventDate "2020.12.14"]

1. e4 e5 2. Nf3 Nf6 3. Nxe5 d6 4. Nxf7 Kxf7 5. d4 c5 6. dxc5 d5 7. e5 Ne4 8.
Bd3 Nxc5 9. Qf3+ Kg8 10. Bf5 Nc6 11. c3 Nxe5 12. Qe3 Bxf5 13. Qxe5 Nd3+ 0-1

[Event "T127-C42"]
[Site "LSS"]
[Date "2020.12.31"]
[Round "?"]
[White "Sundqvist, Christer"]
[Black "Verich, Oleg"]
[Result "1-0"]
[WhiteElo "2159"]
[BlackElo "1124"]
[PlyCount "45"]
[EventDate "2020.12.14"]

{[%evp 0,45,17,17,19,19,21,21,23,-106,-98,-92,-37,-51,-46,-48,-55,-55,-15,-26,
-6,-6,96,96,91,93,95,44,210,182,162,116,244,250,259,259,320,325,309,318,319,
365,368,403,472,485,488,489]} 1. e4 e5 2. Nf3 Nf6 3. Nxe5 d6 4. Nxf7 Kxf7 5.
Nc3 c5 6. Bc4+ Be6 7. Bxe6+ Kxe6 8. d4 Be7 9. dxc5 dxc5 10. Qe2 Kf7 11. e5 Ne8
12. Qf3+ Kg8 13. e6 Nd6 14. Bf4 Qf8 15. O-O-O Nc6 16. Bxd6 Qxf3 17. gxf3 Bxd6
18. Rxd6 Nd4 19. Re1 Nxf3 20. Re3 Nd4 21. Nd5 Nf5 22. Rf3 g6 23. Rd7 1-0

[Event "T127-C42"]
[Site "LSS"]
[Date "2020.12.31"]
[Round "?"]
[White "Obukhov, Gennady"]
[Black "Obrien, Glenn"]
[Result "1-0"]
[WhiteElo "1964"]
[BlackElo "1382"]
[PlyCount "53"]
[EventDate "2020.12.14"]

1. e4 e5 2. Nf3 Nf6 3. Nxe5 d6 4. Nxf7 Kxf7 5. Nc3 Be6 6. d4 Be7 7. f4 Rf8 8.
f5 Bc8 9. Bc4+ Ke8 10. O-O Nc6 11. Be3 h5 12. Qf3 Nb4 13. Bb3 Ng4 14. Bf4 Bf6
15. e5 dxe5 16. dxe5 Qd4+ 17. Kh1 Bxe5 18. Bxe5 Nxe5 19. Qxh5+ Kd7 20. Qg5 Kc6
21. a3 Nbd3 22. cxd3 Qxd3 23. Rfc1 Rxf5 24. Qe7 Nc4 25. Bxc4 Qxc4 26. Ne4 Rf1+
27. Rxf1 1-0

[Event "T127-C42"]
[Site "LSS"]
[Date "2020.12.31"]
[Round "?"]
[White "Plutarco, Fosca"]
[Black "Obrien, Glenn"]
[Result "1-0"]
[WhiteElo "1978"]
[BlackElo "1382"]
[PlyCount "43"]
[EventDate "2020.12.14"]

1. e4 e5 2. Nf3 Nf6 3. Nxe5 d6 4. Nxf7 Kxf7 5. d4 c5 6. Nc3 cxd4 7. Bc4+ Be6 8.
Bxe6+ Kxe6 9. Qxd4 Nc6 10. Qc4+ Kd7 11. Bf4 a6 12. O-O-O b5 13. Qe2 Qa5 14.
Bxd6 Bxd6 15. e5 Nxe5 16. Qxe5 Ne8 17. Ne4 Qc7 18. Qf5+ Ke7 19. Rhe1 Kd8 20.
Nxd6 Nxd6 21. Re6 Kc8 22. Rdxd6 1-0

[Event "T127-C42"]
[Site "LSS"]
[Date "2020.12.31"]
[Round "?"]
[White "Obrien, Glenn"]
[Black "Verich, Oleg"]
[Result "1-0"]
[WhiteElo "1382"]
[BlackElo "1124"]
[PlyCount "37"]
[EventDate "2020.12.14"]

1. e4 e5 2. Nf3 Nf6 3. Nxe5 d6 4. Nxf7 Kxf7 5. d4 Qe8 6. Nc3 g6 7. Bd3 Bg7 8.
O-O Rf8 9. e5 dxe5 10. dxe5 Qxe5 11. Re1 Qc5 12. Be3 Qa5 13. Bc4+ Be6 14. Bxe6+
Kxe6 15. Bb6+ Qe5 16. Rxe5+ Kxe5 17. Qd3 axb6 18. Re1+ Ne4 19. Qxe4+ 1-0

[Event "T127-C42"]
[Site "LSS"]
[Date "2020.12.31"]
[Round "?"]
[White "Verich, Oleg"]
[Black "Obrien, Glenn"]
[Result "1/2-1/2"]
[WhiteElo "1124"]
[BlackElo "1382"]
[PlyCount "122"]
[EventDate "2020.12.14"]

1. e4 e5 2. Nf3 Nf6 3. Nxe5 d6 4. Nxf7 Kxf7 5. d4 c5 6. dxc5 Nc6 7. cxd6 Qxd6
8. Qxd6 Bxd6 9. f3 Be6 10. c3 Rad8 11. Be3 b6 12. Nd2 Bc5 13. Bxc5 bxc5 14. Nc4
Kg6 15. b3 Nh5 16. g3 Nf6 17. Ne3 a5 18. Rb1 Ne5 19. Be2 Rd6 20. Rd1 Rxd1+ 21.
Kxd1 Rd8+ 22. Kc2 Bf7 23. Rd1 Rxd1 24. Nxd1 Nc6 25. a3 h5 26. Ne3 Ne5 27. h3
Ned7 28. b4 axb4 29. axb4 cxb4 30. cxb4 Be6 31. h4 Kf7 32. Kc3 Ne5 33. Kd4 Nc6+
34. Kc5 Ne5 35. b5 Ned7+ 36. Kc6 Ne5+ 37. Kb7 Ne8 38. b6 Nd6+ 39. Kc7 Ne8+ 40.
Kb8 Nc6+ 41. Kb7 Nd4 42. Bd1 Nd6+ 43. Ka6 Bc8+ 44. Ka5 Ke6 45. Nd5 Nc4+ 46. Kb4
Nd2 47. Nf4+ Ke5 48. Nxh5 N2xf3 49. Bxf3 Nxf3 50. Nxg7 Nd2 51. h5 Nxe4 52. h6
Ng5 53. Kc5 Bb7 54. Ne8 Ne4+ 55. Kb5 Ng5 56. Nc7 Nf7 57. h7 Kf6 58. Na6 Nd6+
59. Ka5 Kg7 60. Nc5 Bc8 61. b7 Nxb7+ 1/2-1/2

[Event "T127-C42"]
[Site "LSS"]
[Date "2020.12.31"]
[Round "?"]
[White "Obrien, Glenn"]
[Black "Obukhov, Gennady"]
[Result "0-1"]
[WhiteElo "1382"]
[BlackElo "1964"]
[PlyCount "48"]
[EventDate "2020.12.14"]

1. e4 e5 2. Nf3 Nf6 3. Nxe5 d6 4. Nxf7 Kxf7 5. d4 c5 6. dxc5 d5 7. e5 Ng4 8.
Bc4 Be6 9. Nc3 Bxc5 10. Bxd5 Bxf2+ 11. Kf1 Bxd5 12. Nxd5 Bc5 13. Qf3+ Ke8 14.
Ke2 Rf8 15. Nf4 Nc6 16. Qxg4 Qd4 17. Qh5+ g6 18. Qg5 Qe4+ 19. Kd1 Nd4 20. Bd2
Qxc2+ 21. Ke1 Rd8 22. Rf1 Rf5 23. Qf6 Rxf6 24. exf6 Qe4+ 0-1

[Event "T127-C42"]
[Site "LSS"]
[Date "2020.12.31"]
[Round "?"]
[White "Obrien, Glenn"]
[Black "Plutarco, Fosca"]
[Result "0-1"]
[WhiteElo "1382"]
[BlackElo "1978"]
[PlyCount "74"]
[EventDate "2020.12.14"]

1. e4 e5 2. Nf3 Nf6 3. Nxe5 d6 4. Nxf7 Kxf7 5. d4 g6 6. Nc3 c6 7. Bd3 Bg7 8.
O-O Re8 9. e5 dxe5 10. dxe5 Nd5 11. Nxd5 cxd5 12. f4 Kg8 13. Be3 Be6 14. Bb5
Nc6 15. Qd2 a6 16. Bxc6 bxc6 17. Rf2 Bf8 18. Qc3 c5 19. Bxc5 Rc8 20. b4 a5 21.
Qa3 Bxc5 22. bxc5 Qc7 23. Rb1 Qxc5 24. Qxc5 Rxc5 25. Rb3 Rec8 26. Ra3 Bf5 27.
c3 Rxc3 28. Rxa5 d4 29. Rd5 d3 30. h3 Be4 31. Rd4 R3c4 32. Rd6 Rc1+ 33. Rf1
R1c2 34. Re1 Rxg2+ 35. Kf1 Bb7 36. Rd7 Rcc2 37. Rd8+ Kg7 0-1

[Event "T127-C42"]
[Site "LSS"]
[Date "2020.12.30"]
[Round "?"]
[White "Obukhov, Gennady"]
[Black "Verich, Oleg"]
[Result "1-0"]
[WhiteElo "1964"]
[BlackElo "1124"]
[PlyCount "57"]
[EventDate "2020.12.14"]

1. e4 e5 2. Nf3 Nf6 3. Nxe5 d6 4. Nxf7 Kxf7 5. d4 Qe8 6. Nc3 Be6 7. Bd3 g6 8.
O-O Kg7 9. f4 Be7 10. e5 dxe5 11. fxe5 Nd5 12. Nxd5 Bxd5 13. c4 Be6 14. d5 Bc8
15. e6 Rf8 16. b4 Rxf1+ 17. Qxf1 Qf8 18. Bb2+ Bf6 19. e7 Qxe7 20. Re1 Qxe1 21.
Bxf6+ Kf7 22. Qxe1 Kxf6 23. Qh4+ Kg7 24. Qe7+ Kh6 25. Qf8+ Kg5 26. h4+ Kxh4 27.
Qf4+ Bg4 28. Be2 h5 29. g3+ 1-0

[Event "T127-C42"]
[Site "LSS"]
[Date "2020.12.30"]
[Round "?"]
[White "Plutarco, Fosca"]
[Black "Obukhov, Gennady"]
[Result "0-1"]
[WhiteElo "1978"]
[BlackElo "1964"]
[PlyCount "118"]
[EventDate "2020.12.14"]

1. e4 e5 2. Nf3 Nf6 3. Nxe5 d6 4. Nxf7 Kxf7 5. d4 c5 6. Nc3 cxd4 7. Bc4+ d5 8.
Nxd5 Be6 9. Bg5 Nbd7 10. O-O Qc8 11. Bxf6 Nxf6 12. Qxd4 Bd6 13. Qd3 Rd8 14.
Rad1 Qc5 15. b4 Qc6 16. a3 a5 17. Bb5 Qc8 18. c4 axb4 19. axb4 Bxb4 20. Qg3 Qc5
21. Nxb4 Qxb4 22. Rxd8 Rxd8 23. e5 Nd7 24. Qd3 Qc5 25. Rd1 Qxe5 26. h3 Qc7 27.
Qd4 b6 28. Kh1 h6 29. Rd3 Kg8 30. f4 g6 31. Rd1 h5 32. Kh2 h4 33. Kh1 Kf7 34.
Rd3 Qc5 35. Qc3 Qf5 36. Qd2 Ke7 37. Rd6 Ra8 38. Qd4 Ra1+ 39. Qxa1 Kxd6 40. Qa3+
Qc5 41. Qd3+ Kc7 42. Qe4 Bf5 43. Qe1 Nf6 44. Qxh4 Nh5 45. Kh2 Qd6 46. Kh1 Bc8
47. Kg1 Nxf4 48. Qh7+ Kb8 49. Qh8 Qc5+ 50. Kf1 Qe7 51. Qe8 Qf6 52. Bc6 Nxh3+
53. Bf3 Ng5 54. Qc6 Qxc6 55. Bxc6 Be6 56. Bb5 Kc7 57. Ke2 Kd6 58. Ke3 Kc5 59.
Ba4 Nf7 0-1

[Event "T127-C42"]
[Site "LSS"]
[Date "2020.12.30"]
[Round "?"]
[White "Obukhov, Gennady"]
[Black "Plutarco, Fosca"]
[Result "0-1"]
[WhiteElo "1964"]
[BlackElo "1978"]
[PlyCount "54"]
[EventDate "2020.12.14"]

1. e4 e5 2. Nf3 Nf6 3. Nxe5 d6 4. Nxf7 Kxf7 5. d4 g6 6. Nc3 c6 7. Qf3 Kg7 8. h4
Be6 9. Qg3 d5 10. Bg5 dxe4 11. O-O-O Bd5 12. Bf4 Bb4 13. h5 Bxc3 14. Qxc3 Nbd7
15. Be2 Qe7 16. Qg3 b5 17. Rh4 Rag8 18. Rdh1 g5 19. Bxg5 Kf8 20. Qf4 Ke8 21.
R4h3 Be6 22. Rg3 Nd5 23. Qh4 N7f6 24. h6 Kd7 25. Rb3 Rg6 26. c4 Nc7 27. Rg3 Rf8
0-1

[Event "T127-C42"]
[Site "LSS"]
[Date "2020.12.30"]
[Round "?"]
[White "Verich, Oleg"]
[Black "Obukhov, Gennady"]
[Result "0-1"]
[WhiteElo "1124"]
[BlackElo "1964"]
[PlyCount "40"]
[EventDate "2020.12.14"]

1. e4 e5 2. Nf3 Nf6 3. Nxe5 d6 4. Nxf7 Kxf7 5. d4 c5 6. dxc5 d5 7. e5 Ne4 8.
Be3 Be6 9. b4 Nc6 10. Qf3+ Kg8 11. Bf4 g5 12. Bg3 h5 13. h4 Nxb4 14. Bd3 Bg4
15. Qe3 Bxc5 16. Qc1 Nxg3 17. fxg3 Nxd3+ 18. cxd3 Qa5+ 19. Nd2 Bd4 20. Rb1 Re8
0-1

[Event "T127-C42"]
[Site "LSS"]
[Date "2020.12.29"]
[Round "?"]
[White "Verich, Oleg"]
[Black "Plutarco, Fosca"]
[Result "0-1"]
[WhiteElo "1124"]
[BlackElo "1978"]
[PlyCount "54"]
[EventDate "2020.12.14"]

1. e4 e5 2. Nf3 Nf6 3. Nxe5 d6 4. Nxf7 Kxf7 5. d4 g6 6. Bd3 Kg7 7. O-O c5 8. c3
Be7 9. Qd2 Rf8 10. Qh6+ Kh8 11. f3 Nc6 12. Be3 Ng8 13. Qxf8 Bxf8 14. Nd2 cxd4
15. cxd4 Bg7 16. Nb3 a5 17. a4 Nb4 18. Bb1 Bd7 19. Rd1 Qb6 20. Kf2 Nd5 21. Bc2
Nxe3 22. Kxe3 Rc8 23. Rd2 Rxc2 24. Rxc2 Qxb3+ 25. Rc3 Qxb2 26. Rac1 Bh6+ 27. f4
Qxg2 0-1

[Event "T127-C42"]
[Site "LSS"]
[Date "2020.12.29"]
[Round "?"]
[White "Plutarco, Fosca"]
[Black "Verich, Oleg"]
[Result "1-0"]
[WhiteElo "1978"]
[BlackElo "1124"]
[PlyCount "49"]
[EventDate "2020.12.14"]

1. e4 e5 2. Nf3 Nf6 3. Nxe5 d6 4. Nxf7 Kxf7 5. d4 g6 6. Nc3 c6 7. h4 h5 8. Bg5
Be7 9. Qd2 Nh7 10. Bc4+ Be6 11. Qf4+ Bf6 12. d5 cxd5 13. Nxd5 Nd7 14. O-O-O Re8
15. Nxf6 Nhxf6 16. Rxd6 Bxc4 17. Bxf6 Nxf6 18. Rxd8 Raxd8 19. e5 Re6 20. exf6
Bb5 21. Qh6 Rg8 22. Qh7+ Kf8 23. Rd1 Rxf6 24. Rd8+ Be8 25. Qd7 1-0

[Event "SC-00399"]
[Site "LSS"]
[Date "2020.12.18"]
[Round "?"]
[White "Langheld, Werner"]
[Black "Henke, Simon"]
[Result "1/2-1/2"]
[WhiteElo "1661"]
[BlackElo "1670"]
[PlyCount "101"]
[EventDate "2020.10.01"]

1. e4 e5 2. Nf3 Nf6 3. Nxe5 d6 4. Nxf7 Kxf7 5. d4 c5 6. dxc5 Nc6 7. Bc4+ Be6 8.
Bxe6+ Kxe6 9. Qe2 Qe8 10. Nc3 dxc5 11. Qc4+ Kd7 12. Be3 Rd8 13. O-O-O+ Kc8 14.
Rxd8+ Nxd8 15. Rd1 Nc6 16. Kb1 Ng4 17. Bxc5 Nge5 18. Qd5 Bxc5 19. Qxc5 Qe7 20.
Qe3 g5 21. a3 Kb8 22. Nd5 Qf7 23. f3 h6 24. h4 gxh4 25. f4 Qh5 26. Rh1 Nf7 27.
Qh3 Rd8 28. Nf6 Qg6 29. Nd7+ Kc7 30. Nc5 Rd2 31. Qxh4 Qxg2 32. Rc1 Qf2 33. Qxf2
Rxf2 34. Rd1 Ncd8 35. e5 b6 36. Nd3 Rf3 37. Rg1 Kd7 38. Rg6 h5 39. Rf6 Ke7 40.
Nb4 Rf1+ 41. Ka2 Rd1 42. c4 h4 43. Nd5+ Kf8 44. e6 Nxe6 45. Rxe6 h3 46. Re2 Rd3
47. Nf6 Kg7 48. Ne4 Kg6 49. Rh2 Re3 50. Nf2 Re2 51. c5 1/2-1/2

[Event "ch-Mineiro Classico Abs"]
[Site "Varginha BRA"]
[Date "2020.09.05"]
[Round "3.7"]
[White "Machado, G.."]
[Black "Lapertosa, J.."]
[Result "1-0"]
[WhiteElo "1769"]
[BlackElo "2012"]
[PlyCount "77"]
[EventDate "2020.09.04"]
[EventType "swiss"]
[EventRounds "7"]
[EventCountry "BRA"]
[SourceTitle "Updates"]
[Source "OMCORR"]
[SourceDate "2020.11.02"]
[SourceVersion "1"]
[SourceVersionDate "2020.11.02"]
[SourceQuality "1"]

1. e4 e5 2. Nf3 Nf6 3. Nxe5 d6 4. Nxf7 Kxf7 5. d4 c6 6. Bd3 g6 7. O-O Bg7 8.
Kh1 Re8 9. Nd2 Kg8 10. f4 d5 11. e5 Ng4 12. Nf3 Rf8 13. h3 Nh6 14. g4 Bd7 15.
Qe1 Qe7 16. Qg3 Na6 17. c3 Kh8 18. Bd2 Rae8 19. Nh4 Rxf4 20. Nxg6+ hxg6 21.
Rxf4 Qe6 22. Raf1 Rg8 23. Rf6 Bxf6 24. Rxf6 Qe7 25. Bxh6 Qh7 26. Qh4 Nc7 27.
Bg5 Ne8 28. Qxh7+ Kxh7 29. Rf7+ Rg7 30. Rxg7+ Nxg7 31. Kg2 Ne6 32. Be3 Kg7 33.
Kg3 b6 34. h4 c5 35. h5 Nf8 36. dxc5 bxc5 37. Bxc5 a5 38. Bxf8+ Kxf8 39. Bxg6
1-0

[Event "Titled Tue 11th Aug"]
[Site "chess.com INT"]
[Date "2020.08.11"]
[Round "6"]
[White "Saravana, Kr"]
[Black "Skatchkov, Valery"]
[Result "0-1"]
[WhiteElo "2312"]
[BlackElo "2242"]
[PlyCount "56"]
[EventDate "2020.08.11"]
[EventType "swiss (blitz)"]
[EventRounds "10"]
[SourceTitle "The Week in Chess 1345"]
[Source "Mark Crowther"]
[SourceDate "2020.08.17"]
[SourceVersion "1"]
[SourceVersionDate "2020.08.17"]
[SourceQuality "2"]

1. e4 e5 2. Nf3 Nf6 3. Nxe5 d6 4. Nxf7 Kxf7 5. Nc3 Qe8 6. Bd3 Nc6 7. O-O Be6 8.
f4 Kg8 9. b3 Bf7 10. Re1 g6 11. Bb2 Bg7 12. e5 dxe5 13. fxe5 Nxe5 14. Nb5 Nd5
15. Bc4 c6 16. Nd6 Qd7 17. Nxf7 Nxf7 18. c3 h6 19. d4 Kh7 20. Bd3 Rae8 21. Qc2
Nf4 22. Be4 Ng5 23. g3 Nfh3+ 24. Kg2 Rxe4 25. Rxe4 Qd5 26. Rae1 Re8 27. c4 Qf5
28. g4 Qf3# 0-1

[Event "ch-Odessa Region 2020"]
[Site "Odessa UKR"]
[Date "2020.08.02"]
[Round "7.3"]
[White "Kislinsky, A.."]
[Black "Sodol, G.."]
[Result "0-1"]
[WhiteElo "2452"]
[BlackElo "2325"]
[PlyCount "78"]
[EventDate "2020.07.27"]
[EventType "tourn"]
[EventRounds "9"]
[EventCountry "UKR"]
[EventCategory "6"]
[SourceTitle "Updates"]
[Source "OMCORR"]
[SourceDate "2020.11.02"]
[SourceVersion "1"]
[SourceVersionDate "2020.11.02"]
[SourceQuality "1"]

1. e4 e5 2. Nf3 Nf6 3. Nxe5 d6 4. Nxf7 Kxf7 5. Nc3 c5 6. Bc4+ Be6 7. Bxe6+ Kxe6
8. d4 cxd4 9. Qxd4 Qc8 10. Be3 Kf7 11. f4 Nc6 12. Qa4 Be7 13. O-O-O Re8 14. h3
Kg8 15. g4 Bf8 16. Rhe1 Qe6 17. Bf2 a6 18. Nd5 Qf7 19. Nb6 Rad8 20. Bh4 Be7 21.
Bg3 Nd7 22. Nd5 Nc5 23. Qa3 Bf8 24. Qf3 b5 25. g5 a5 26. f5 Nb4 27. Qg4 Nxd5
28. exd5 Rxe1 29. Bxe1 Qc7 30. Bc3 b4 31. Bd4 b3 32. axb3 Nxb3+ 33. Kb1 Nxd4
34. Rxd4 Re8 35. Re4 Rc8 36. c4 Qd7 37. g6 hxg6 38. Qxg6 Qf7 39. Qg4 Rb8 0-1